|
|
|
|
| LEADER |
00855nam a22002412a 4500 |
| 001 |
000093637 |
| 003 |
CZ BrMZK |
| 005 |
20131030082646.0 |
| 007 |
ta |
| 008 |
960707s1965 xr f f cze d |
| 015 |
|
|
|a cnb000442834
|
| 035 |
|
|
|a (OCoLC)42186214
|
| 040 |
|
|
|a BOA001
|b cze
|
| 100 |
1 |
|
|a Ponic, Milan,
|d 1923-1963
|7 xx0065392
|4 aut
|
| 245 |
1 |
0 |
|a Pohádky jednoho večera /
|c Milan Ponic ; ilustrovala Alena Dostálová
|
| 250 |
|
|
|a 1. vyd.
|
| 260 |
|
|
|a Plzeň :
|b Západočeské nakladatelství,
|c 1965
|
| 300 |
|
|
|a 39 s., příl.
|
| 700 |
1 |
|
|a Dostálová, Alena,
|d 1932-2011
|7 jk01022834
|4 ill
|
| 910 |
|
|
|a BOA001
|b 2-0552.385
|b PK-A-0010.045
|
| 990 |
|
|
|a BK
|
| 996 |
6 |
|
|b 2619031849
|c 2-0552.385
|l HP2
|r DEN
|n 0
|w 000093637
|u 000020
|a 1
|e BOA001
|j MZK50
|s P
|
| 996 |
7 |
|
|b 3119969342
|c PK-A-0010.045
|l MZK
|r Sklad / do 1 hodiny
|n 0
|w 000093637
|u 000010
|a 1
|e BOA001
|j MZK50
|s A
|